03322aam a2200409 i 45000010008000000030010000080050017000180070003000350080041000380200018000790350012000970400035001090410008001440820008001520840008001601000044001682450059002122640069002713000033003403360027003733370015004003380012004154900024004275040056004515051293005075200698018006500048024986500036025466500033025826500027026157000044026427000048026867000036027347000037027707000046028078300059028531265606CO-MdUADB20250919101426.0ta111123s2011 ck d gr dspa d a9789589947418 a1265606 cCO-MdUADBaspabCO-MdUADBerda0 aspa74a338 aINV1 aRevéiz Roldán, Édgar,d1938-eaut10aEnfoques sobre el origen de la crisis mundial del 2008 1aBogotá :bAcademia Colombiana de Ciencias Económicas,c2011. a333 páginas :bgráficas. 2rdacontentatextobtxt ano mediado avolumen1 aColección Aportes aIncluye bibliografía al final de cada capítulo.00tIntroducción: enfoques sobre el origen de la crisis mundial del 2008 /rÉdgar Revéiz Roldán. --tCrisis mundial 2007: ético-política, clásica, sistémica, de confianza y legitimidad /rÉdgar Revéiz Roldán. --tUna macrovisión de la crisis y de la incapacidad del capitalismo para manejar el sistema / rRaúl Alameda Ospina. --tLa naturaleza sistémica de la actual crisis económica internacional / rRubén Darío Utria Grosser. --tCrisis económicas mundiales, crisis de hegemonía y revoluciones tecnológicas en perspectiva histórica /rAleides Gómez Jiménez. --tLa economía mundial, latinoamericana y las perspectivas de Colombia /rDiego Otero Prada. --tDe la histeria a la histéresis /rAmylkar Acosta Medina. --tLa tragedia griega /rAmylkar Acosta Medina. --tLa crisis económica y su impacto en la vida de la sociedad / rFabio Giraldo Isaza. --tConsumo necesario de los pobres: salida humanitaria de la crisis /rJulio Silva-Colmenares. --tCrisis económica: su causa laboral /rBeethoven Herrera Valencia. --tDesarrollo, desarrollo rural: sostenibles en la crisis? /rDarío Fajardo Montaña. --tDiagnóstico y análisis numérico del desempleo de los recursos y de la población de Colombia /rGabriel Poveda Ramos.3 aSurgida la crisis del 2008, la Academia Colombiana de Ciencias Económicas ACCE tomó la pronta decisión de analizar el origen y la naturaleza de la crisis mundial. Este libro recoge los primeros planteos económicos, políticos y sociales de dicha crisis, que fueron elaborados por algunos de los miembros de la corporación. Son solo el primer esbozo del uso de la teoría y de la información disponible hasta 2009 para entender la naturaleza de la crisis, su alcance, su sistema de propagación y los impactos sobre los Estados, las empresas y los ciudadanos y, en general, el conjunto de los agentes económicos, sociales y políticos. [Tomado de la Introducción del libro].17aCrisis financiera global, 2008-20092armarc17aEconomía internacional2embne17aDesarrollo económico2lemb27aDesarrollo humano2dcs1 aAlameda Ospina, Raúl,d1925-2011eaut1 aUtria Grosser, Rubén Darío,d1928-eaut1 aGómez Jiménez, Alcideseaut1 aOtero Prada, Diego Fernandoeaut1 aAcosta Medina, Amylkar David,d1950-eaut 0aAportes (Academia Colombiana de Ciencias Económicas)